000 01079cam a22002295a 4500
001 L160189
008 181109s2014 xxk f 000 0 eng d
020 _a9780953594566
035 _a(Sirsi) u160189
041 0 _aeng
245 0 0 _aJohn Rae 200 Conference Proceedings
260 _aKirkwall
_bOrkney Heritage Soicety
_c2014
300 _a216p, Illus ; 26 cm
490 0 _aNew Orkney Antiquarian Journal
_vVol 7 2014
520 _aBrings together a series of papers presented at the John Rae Conference held in Stromness, Orkney in September 2013 held to explore the life and legacy of explorer John Rae to celebrate the 200 anniversary of his birth. Focuses on John Rae and his Arctic Exploration including discovery of the lost Franklin Exhibition, museum collections and archive sources about John Rae and his connection with the Hudson Bay Company and Orcadians in the North West Canada. Illustrated.
650 2 4 _aJOHN RAE
650 2 4 _aSIR JOHN FRANKLIN
650 2 4 _aARCTIC EXPLORERS
651 4 _aInternational
690 _aHydrography
_96245
942 _n0
999 _c116268
_d116268